000 00372pam a2200145 a 4500
020 _c
041 _h
082 _a543.10000000000002
_bRED
100 _aReddy, S.V.
245 _aQtp For Professional
_hTextual Documents
260 _aNew Delhi
_bShroff Publication And Distribution Private Limited
_c2011
300 _a446
700 _aReddy, Shalini
930 _a5107
999 _c111937
_d111937